| 000 | 00894cam a22002653a 4500 | ||
|---|---|---|---|
| 001 | 17563 | ||
| 003 | PGUSA | ||
| 005 | 20140828083356.0 | ||
| 008 | 060121s2006||||xxu|||||s|||||000 | eng d | ||
| 040 |
_aPGUSA _beng |
||
| 042 | _adc | ||
| 050 | 4 | _aHJ | |
| 100 | 1 |
_aChatterton, E. Keble _q(Edward Keble), _d1878-1944 |
|
| 245 | 1 | 0 |
_aKing's Cutters and Smugglers 1700-1855 _h[electronic resource] / _cE. Keble Chatterton |
| 260 |
_bProject Gutenberg, _c2006 |
||
| 506 | _aPublic domain in the USA. | ||
| 516 | _aElectronic text | ||
| 653 | _aSmuggling -- Great Britain -- History | ||
| 653 | _aGreat Britain -- Commerce -- History -- 19th century | ||
| 653 | _aCustoms administration -- Great Britain -- History | ||
| 653 | _aGreat Britain -- Commerce -- History -- 18th century | ||
| 830 | 0 |
_aProject Gutenberg _v17563 |
|
| 856 | 4 | 0 | _uhttp://www.gutenberg.org/ebooks/17563 |
| 942 | _cEB | ||
| 999 |
_c246818 _d246818 |
||